| 000 | 00358nam a2200145Ia 4500 | ||
|---|---|---|---|
| 008 | 150201s2003 xx 000 0 und d | ||
| 082 |
_a615.321 _bC2003M |
||
| 100 | _aMALLIK,S. | ||
| 245 | _aCONDENSED PHARMACOLOGY COMPANION | ||
| 250 | _a1ST | ||
| 260 |
_bPARAS PUBLISHING _aHYDERABAD _c2003 |
||
| 300 | _a1-199 | ||
| 650 | _aPHARMACOLOGY | ||
| 942 |
_2ddc _cBK |
||
| 999 |
_c2653 _d2653 |
||